[Event "Titled Tuesday intern op 12th Dec Early"]
[Site "Chess.com INT"]
[Date "2023.12.12"]
[Round "4"]
[White "Galchenko, Matvey"]
[Black "Kuzmin, Roman"]
[Result "1-0"]
[WhiteElo "2438"]
[BlackElo "2153"]
[PlyCount "69"]
[EventDate "2023.12.12"]
[EventType "swiss (blitz)"]
[EventRounds "11"]
[EventCountry "USA"]
[SourceTitle "CB51_2023"]
[SourceDate "2023.12.20"]
[SourceVersion "1"]
[SourceVersionDate "2023.12.20"]
[SourceQuality "1"]

1. e4 c5 2. c3 d5 3. exd5 Qxd5 4. d4 Nc6 5. Nf3 Nf6 6. dxc5 Qxd1+ 7. Kxd1 Bf5 8. Be3 e5 9. Bb5 0-0-0+ 10. Kc1 Nd5 11. Bxc6 bxc6 12. b4 f6 13. Kb2 g5 14. h3 Be7 15. Nbd2 h5 16. Nc4 Bd3 17. Na5 Kc7 18. Rae1 g4 19. hxg4 hxg4 20. Nd2 f5 21. Ndc4 Bf6 22. Kb3 f4 23. Bd2 e4 24. Nd6 e3 25. fxe3 fxe3 26. Bc1 Bxc3 27. Rxh8 Rxh8 28. Rxe3 Nxe3 29. Bxe3 Be1 30. Bf4 Rf8 31. Ndc4+ Kd7 32. Ne5+ Ke6 33. Nxd3 Kd5 34. Bd6 Re8 35. Nf4+ 1-0

[Event "Titled Tuesday intern op 12th Dec Early"]
[Site "Chess.com INT"]
[Date "2023.12.12"]
[Round "1"]
[White "Kuzmin, Roman"]
[Black "De Souza, Cristiano Gomes"]
[Result "1-0"]
[WhiteElo "2153"]
[BlackElo "2018"]
[PlyCount "115"]
[EventDate "2023.12.12"]
[EventType "swiss (blitz)"]
[EventRounds "11"]
[EventCountry "USA"]
[SourceTitle "CB51_2023"]
[SourceDate "2023.12.20"]
[SourceVersion "1"]
[SourceVersionDate "2023.12.20"]
[SourceQuality "1"]

1. e4 c5 2. Nf3 d6 3. d4 cxd4 4. Nxd4 Nf6 5. Nc3 a6 6. Be2 e5 7. Nb3 Be7 8. Be3 Nc6 9. 0-0 0-0 10. Nd5 Nxe4 11. Bb6 Qd7 12. f4 Nf6 13. Nxe7+ Qxe7 14. fxe5 Qxe5 15. Nd4 Bd7 16. Bf3 Rfe8 17. Nxc6 Bxc6 18. Bd4 Qe6 19. Bxf6 gxf6 20. Kh1 Rad8 21. Qd4 Qe5 22. Qg4+ Qg5 23. Qd4 Re6 24. Bxc6 bxc6 25. Rf3 Kh8 26. Raf1 Qe5 27. Qh4 Rg8 28. Rxf6 Rxf6 29. Qxf6+ Qxf6 30. Rxf6 Re8 31. Kg1 Re2 32. Rxd6 Rxc2 33. Rd8+ Kg7 34. Rb8 Kf6 35. h3 Kf5 36. Kh2 f6 37. a4 Kf4 38. Rb6 f5 39. Rxa6 Rxb2 40. Rxc6 Ra2 41. Rc4+ Ke3 42. Kg3 h5 43. Rf4 Kd3 44. Rxf5 Rxa4 45. Rxh5 Ra7 46. Rf5 Ke4 47. Rf3 Rg7+ 48. Kf2 Rh7 49. g4 Ke5 50. Kg3 Ke6 51. h4 Ke7 52. g5 Rh8 53. Kg4 Ra8 54. Rf4 Ra1 55. g6 Rg1+ 56. Kh5 Rg3 57. Kh6 Ke8 58. g7 1-0

[Event "RUS-chT Rapid"]
[Site "Sochi"]
[Date "2023.10.18"]
[Round "3.4"]
[White "Matlakov, Maxim"]
[Black "Kuzmin, Roman"]
[Result "1-0"]
[WhiteElo "2674"]
[BlackElo "2153"]
[PlyCount "75"]
[EventDate "2023.10.18"]
[EventType "team-swiss (rapid)"]
[EventRounds "9"]
[EventCountry "RUS"]
[SourceTitle "Mega2024 Update 01"]
[Source "Chessbase"]
[SourceDate "2023.11.12"]
[SourceVersion "1"]
[SourceVersionDate "2023.11.12"]
[SourceQuality "1"]
[WhiteTeam "Moscow Park Tauer"]
[BlackTeam "Sverdlovsk Region Malakhit"]
[WhiteTeamCountry "RUS"]
[BlackTeamCountry "RUS"]

1. e4 c5 2. Nf3 d6 3. d4 cxd4 4. Nxd4 Nf6 5. Nc3 a6 6. Bc4 e6 7. Be3 Nbd7 8. a4 Qc7 9. Qe2 b6 10. 0-0 Bb7 11. f3 Ne5 12. Bb3 Rc8 13. Rad1 Nc4 14. Bc1 Be7 15. Kh1 0-0 16. f4 d5 17. e5 Ne4 18. Nxe4 dxe4 19. c3 Bd5 20. Bc2 Qb7 21. b3 Na3 22. Bxa3 Bxa3 23. c4 Bc6 24. f5 exf5 25. Nxf5 g6 26. Qg4 Rce8 27. Qg5 Be7 28. Qh6 gxf5 29. Rxf5 f6 30. exf6 Bxf6 31. Rxf6 Rxf6 32. Qxf6 e3 33. Bf5 Qf7 34. Qxc6 e2 35. Re1 Rd8 36. Be6 Rd1 37. Bxf7+ Kg7 38. Kg1 1-0

[Event "RUS-chT Blitz"]
[Site "Sochi"]
[Date "2023.10.17"]
[Round "13.28"]
[White "Kuzmin, Roman"]
[Black "Zablotsky, Sergei"]
[Result "1/2-1/2"]
[WhiteElo "2153"]
[BlackElo "2464"]
[PlyCount "82"]
[EventDate "2023.10.17"]
[EventType "team-swiss (blitz)"]
[EventRounds "13"]
[EventCountry "RUS"]
[SourceTitle "Mega2024 Update 01"]
[Source "Chessbase"]
[SourceDate "2023.11.12"]
[SourceVersion "1"]
[SourceVersionDate "2023.11.12"]
[SourceQuality "1"]
[WhiteTeam "Sverdlovsk Region Malakhit"]
[BlackTeam "Krasnoyarsk Region Enisey"]
[WhiteTeamCountry "RUS"]
[BlackTeamCountry "RUS"]

1. e4 d6 2. d4 Nf6 3. Nc3 e5 4. Nf3 Nbd7 5. Bc4 Be7 6. 0-0 0-0 7. a4 c6 8. Re1 exd4 9. Nxd4 Ne5 10. Bb3 Re8 11. Bf4 Bd7 12. Qe2 Qc7 13. Rad1 Rad8 14. Bg5 Bf8 15. Nf3 Bg4 16. Bf4 h6 17. Bxe5 dxe5 18. h3 Bc8 19. Nh4 Rxd1 20. Qf3 Red8 21. Rxd1 Bb4 22. Rd3 Rxd3 23. Qxd3 Qd6 24. Qe2 Qd4 25. Qd3 Bc5 26. Qe2 a6 27. Nf3 Qd6 28. Qd3 b5 29. axb5 axb5 30. Ne2 Qxd3 31. cxd3 Nd7 32. Kf1 Kf8 33. Nc3 Ke7 34. Ke2 Bd6 35. Nd1 Nc5 36. Bc2 Be6 37. Ne3 g6 38. Ng4 Bxg4 39. hxg4 Ne6 40. g3 f6 41. Bb3 Nd4+ 1/2-1/2

[Event "RUS-ch Blitz"]
[Site "Sochi"]
[Date "2023.10.14"]
[Round "5"]
[White "Tsvetkov, Andrey1"]
[Black "Kuzmin, Roman"]
[Result "1-0"]
[WhiteElo "2424"]
[BlackElo "2153"]
[PlyCount "46"]
[EventDate "2023.10.14"]
[EventType "swiss (blitz)"]
[EventRounds "13"]
[EventCountry "RUS"]
[SourceTitle "Mega2024 Update 01"]
[Source "Chessbase"]
[SourceDate "2023.11.12"]
[SourceVersion "1"]
[SourceVersionDate "2023.11.12"]
[SourceQuality "1"]

1. d4 Nf6 2. c4 e6 3. Nc3 d5 4. cxd5 exd5 5. Bg5 Nbd7 6. e3 c6 7. Bd3 Be7 8. Nge2 0-0 9. Qc2 Re8 10. 0-0 Nf8 11. Rad1 Ne4 12. Bxe7 Qxe7 13. Bxe4 dxe4 14. d5 Bg4 15. dxc6 bxc6 16. Rd4 Ne6 17. Rc4 Ng5 18. Ng3 Be6 19. Rxc6 Rac8 20. Rxc8 Rxc8 21. h4 Nf3+ 22. gxf3 Qxh4 23. Qxe4 Qd8 1-0

[Event "Titled Tuesday intern op 19th Sep Early"]
[Site "Chess.com INT"]
[Date "2023.09.19"]
[Round "6"]
[White "Bok, Benjamin"]
[Black "Kuzmin, Roman"]
[Result "1-0"]
[WhiteElo "2621"]
[BlackElo "2167"]
[PlyCount "75"]
[EventDate "2023.09.19"]
[EventType "swiss (blitz)"]
[EventRounds "11"]
[EventCountry "USA"]
[SourceTitle "EXT 2024"]
[Source "ChessBase"]
[SourceDate "2023.10.10"]
[SourceVersion "1"]
[SourceVersionDate "2023.10.10"]
[SourceQuality "1"]

1. d4 Nf6 2. c4 e6 3. Nc3 d5 4. cxd5 exd5 5. Bg5 Nbd7 6. e3 c6 7. Bd3 Be7 8. h3 0-0 9. Qc2 Re8 10. Nf3 Nf8 11. Bf4 g6 12. 0-0-0 Ne6 13. Be5 a5 14. h4 a4 15. h5 Nf8 16. hxg6 fxg6 17. Ng5 b5 18. Nxh7 N6xh7 19. Bxg6 Nf6 20. Rh6 Be6 21. Rdh1 b4 22. Rh8+ Kg7 23. Bxe8 Bg8 24. Bxc6 bxc3 25. Bxa8 cxb2+ 26. Kb1 Qxa8 27. g4 Ng6 28. g5 Nxh8 29. gxf6+ Bxf6 30. Bxf6+ Kxf6 31. Rxh8 a3 32. Rh6+ Ke7 33. Qc7+ Kf8 34. Qf4+ Ke8 35. Qe5+ Kd7 36. Rd6+ Kc8 37. Qe8+ Kb7 38. Qe7+ 1-0

[Event "Titled Tuesday intern op 19th Sep Early"]
[Site "Chess.com INT"]
[Date "2023.09.19"]
[Round "4"]
[White "Kuzmin, Roman"]
[Black "Galaktionov, Artem"]
[Result "0-1"]
[WhiteElo "2167"]
[BlackElo "2321"]
[PlyCount "68"]
[EventDate "2023.09.19"]
[EventType "swiss (blitz)"]
[EventRounds "11"]
[EventCountry "USA"]
[SourceTitle "EXT 2024"]
[Source "ChessBase"]
[SourceDate "2023.10.10"]
[SourceVersion "1"]
[SourceVersionDate "2023.10.10"]
[SourceQuality "1"]

1. e4 c6 2. d4 g6 3. Nc3 d6 4. h4 Bg7 5. h5 Qb6 6. Nge2 e5 7. dxe5 dxe5 8. Rb1 Nf6 9. Be3 Qc7 10. h6 Bf8 11. f3 Be6 12. Nc1 Nbd7 13. Qe2 a5 14. Qf2 a4 15. a3 Qa5 16. N1e2 Be7 17. g4 0-0 18. Bh3 Ne8 19. 0-0 Nd6 20. Rbd1 Nc4 21. Kh2 Nxe3 22. Qxe3 Qb6 23. Qxb6 Nxb6 24. f4 Nc4 25. f5 Bc8 26. f6 Bc5 27. Rf3 Nxb2 28. Rb1 Nc4 29. g5 Nd2 30. Bxc8 Rfxc8 31. Rd3 Nxb1 32. Nxb1 Rd8 33. Rc3 Bf2 34. Kg2 Bh4 0-1

[Event "Titled Tuesday intern op 19th Sep Early"]
[Site "Chess.com INT"]
[Date "2023.09.19"]
[Round "1"]
[White "Kuzmin, Roman"]
[Black "Tarnowska, Aleksandra"]
[Result "1-0"]
[WhiteElo "2167"]
[BlackElo "1860"]
[PlyCount "69"]
[EventDate "2023.09.19"]
[EventType "swiss (blitz)"]
[EventRounds "11"]
[EventCountry "USA"]
[SourceTitle "EXT 2024"]
[Source "ChessBase"]
[SourceDate "2023.10.10"]
[SourceVersion "1"]
[SourceVersionDate "2023.10.10"]
[SourceQuality "1"]

1. e4 c5 2. Nf3 e6 3. d4 cxd4 4. Nxd4 a6 5. Bd3 Bc5 6. Nb3 Be7 7. 0-0 d6 8. c4 Nf6 9. Nc3 Qc7 10. Bf4 Nbd7 11. Qe2 b6 12. Rad1 Bb7 13. Bb1 0-0 14. Nd4 Rfe8 15. Bc1 Ne5 16. b3 d5 17. f4 Ng6 18. e5 Nd7 19. cxd5 Qxc3 20. Bb2 Qc8 21. d6 Bh4 22. Rc1 Qd8 23. g3 b5 24. Qh5 Qb6 25. gxh4 Rac8 26. Qg4 Rxc1 27. Rxc1 Nc5 28. h5 Nf8 29. h6 g6 30. Qg5 Nfd7 31. Kf1 a5 32. f5 exf5 33. Nxf5 Nxe5 34. Ne7+ Kf8 35. Qxe5 1-0

[Event "Cheliabinsk Kurnosov Memorial Rapid"]
[Site "Cheliabinsk"]
[Date "2023.09.10"]
[Round "11"]
[White "Kuzmin, Roman"]
[Black "Remizov, Yaroslav"]
[Result "0-1"]
[WhiteElo "2167"]
[BlackElo "2440"]
[PlyCount "74"]
[EventDate "2023.09.08"]
[EventType "swiss (rapid)"]
[EventRounds "11"]
[EventCountry "RUS"]
[SourceTitle "EXT 2024"]
[Source "ChessBase"]
[SourceDate "2023.10.10"]
[SourceVersion "1"]
[SourceVersionDate "2023.10.10"]
[SourceQuality "1"]

1. e4 c5 2. Nc3 Nc6 3. Nf3 e6 4. d4 cxd4 5. Nxd4 Nf6 6. Ndb5 Bc5 7. Bf4 0-0 8. Bc7 Qe7 9. Bd6 Bxd6 10. Qxd6 Qd8 11. 0-0-0 a6 12. Nd4 Ne7 13. g4 b5 14. g5 Ne8 15. Qg3 b4 16. Nce2 d6 17. Kb1 e5 18. Nf3 Qc7 19. Nc1 a5 20. h4 a4 21. Nd2 Be6 22. b3 d5 23. Bg2 Nd6 24. Qd3 Rfc8 25. Rhe1 axb3 26. cxb3 Qa5 27. exd5 Rxc1+ 28. Kxc1 Qa3+ 29. Kb1 Qxa2+ 30. Kc1 Rc8+ 31. Nc4 Nxc4 32. bxc4 Rxc4+ 33. Qxc4 Qxc4+ 34. Kd2 Bxd5 35. Bxd5 Nxd5 36. Ra1 Qc3+ 37. Ke2 Nf4+ 0-1

[Event "Cheliabinsk Kurnosov Memorial Rapid"]
[Site "Cheliabinsk"]
[Date "2023.09.09"]
[Round "8"]
[White "Danilenko, Denis O"]
[Black "Kuzmin, Roman"]
[Result "1/2-1/2"]
[WhiteElo "2057"]
[BlackElo "2167"]
[PlyCount "110"]
[EventDate "2023.09.08"]
[EventType "swiss (rapid)"]
[EventRounds "11"]
[EventCountry "RUS"]
[SourceTitle "EXT 2024"]
[Source "ChessBase"]
[SourceDate "2023.10.10"]
[SourceVersion "1"]
[SourceVersionDate "2023.10.10"]
[SourceQuality "1"]

1. Nf3 c5 2. c4 g6 3. g3 Bg7 4. Bg2 h5 5. Nc3 Nc6 6. d3 d6 7. Rb1 Nd4 8. e3 Nxf3+ 9. Bxf3 h4 10. Bd2 Bf5 11. Qe2 Rb8 12. a3 Nf6 13. b4 b6 14. g4 Be6 15. h3 0-0 16. Bg2 a6 17. 0-0 Qd7 18. f4 b5 19. Qf2 cxb4 20. axb4 Qa7 21. cxb5 Rfc8 22. Rfc1 axb5 23. Ra1 Qb6 24. Qxh4 Rc7 25. Qf2 Rbc8 26. d4 Rc4 27. Rab1 Bd7 28. Nd5 Nxd5 29. Bxd5 Rxd4 30. Rxc8+ Bxc8 31. Rc1 Bd7 32. Bg2 Rc4 33. Bf1 Rxc1 34. Bxc1 Bc6 35. Kh2 Be4 36. Bg2 Qc6 37. Bxe4 Qxe4 38. Bd2 d5 39. Kg3 Qd3 40. Kf3 e5 41. Qe2 Qe4+ 42. Kf2 Qc2 43. Be1 Qc4 44. Qxc4 dxc4 45. Ke2 exf4 46. exf4 Bd4 47. Bd2 Kf8 48. h4 Ke7 49. Be1 Ke6 50. Kd2 Kd5 51. Kc2 Ke4 52. Bd2 Kf3 53. h5 Kxg4 54. h6 Kh5 55. h7 Kh6 1/2-1/2

[Event "Titled Tuesday intern op 05th Sep Early"]
[Site "Chess.com INT"]
[Date "2023.09.05"]
[Round "2"]
[White "Kuzmin, Roman"]
[Black "Adewumi, Tanitoluwa"]
[Result "0-1"]
[WhiteElo "2167"]
[BlackElo "2295"]
[PlyCount "92"]
[EventDate "2023.09.05"]
[EventType "swiss (blitz)"]
[EventRounds "11"]
[EventCountry "USA"]
[SourceTitle "EXT 2024"]
[Source "ChessBase"]
[SourceDate "2023.10.10"]
[SourceVersion "1"]
[SourceVersionDate "2023.10.10"]
[SourceQuality "1"]

1. e4 c5 2. Nf3 e6 3. d4 cxd4 4. Nxd4 Nc6 5. Nc3 Nf6 6. Ndb5 d6 7. Bf4 e5 8. Bg5 a6 9. Na3 b5 10. Nd5 Be7 11. Bxf6 Bxf6 12. c4 b4 13. Nc2 a5 14. g3 0-0 15. Bg2 Be6 16. 0-0 Bg5 17. h4 Bh6 18. b3 Qb8 19. Nde3 g6 20. f4 exf4 21. gxf4 Bg7 22. f5 Bd7 23. Nd5 Qd8 24. f6 Bh6 25. Nd4 Re8 26. Nb5 Ne5 27. Nxd6 Bg4 28. Qd4 Re6 29. c5 Nc6 30. Qd3 Bf8 31. Qg3 h5 32. e5 Nxe5 33. Ne7+ Kh7 34. Bxa8 Qxa8 35. Rae1 Nf3+ 36. Rxf3 Rxe1+ 37. Qxe1 Qxf3 38. Nxf7 Qxf6 39. Ng5+ Kg7 40. Nd5 Bxc5+ 41. Kg2 Qb2+ 42. Kg3 Bd6+ 43. Nf4 Qc3+ 44. Qxc3+ bxc3 45. Kf2 Bxf4 46. Ne6+ Bxe6 0-1

[Event "Titled Tuesday intern op 05th Sep Early"]
[Site "Chess.com INT"]
[Date "2023.09.05"]
[Round "5"]
[White "Kuzmin, Roman"]
[Black "Orozbaev, Eldiar"]
[Result "1-0"]
[WhiteElo "2167"]
[BlackElo "2286"]
[PlyCount "61"]
[EventDate "2023.09.05"]
[EventType "swiss (blitz)"]
[EventRounds "11"]
[EventCountry "USA"]
[SourceTitle "EXT 2024"]
[Source "ChessBase"]
[SourceDate "2023.10.10"]
[SourceVersion "1"]
[SourceVersionDate "2023.10.10"]
[SourceQuality "1"]

1. e4 e6 2. d4 d5 3. Nc3 Nf6 4. Bg5 dxe4 5. Nxe4 Be7 6. Bxf6 gxf6 7. Qd2 f5 8. Nc3 c5 9. d5 e5 10. f4 e4 11. 0-0-0 Bf6 12. g4 0-0 13. gxf5 Bxf5 14. Nge2 Re8 15. Rg1+ Kh8 16. Ng3 Bg4 17. Be2 Bxe2 18. Ncxe2 Nd7 19. Nh5 Qb6 20. c3 c4 21. d6 Re6 22. f5 e3 23. Qd5 Nc5 24. fxe6 Na4 25. b3 Nxc3 26. Nxc3 e2 27. Nxf6 Qe3+ 28. Qd2 exd1Q+ 29. Rxd1 Qxe6 30. d7 Rd8 31. Qh6 1-0

[Event "Ekaterinburg Rapid op"]
[Site "Ekaterinburg"]
[Date "2023.08.11"]
[Round "1"]
[White "Kuzmin, Roman"]
[Black "Sokolov, Sergey1111"]
[Result "1-0"]
[WhiteElo "2167"]
[BlackElo "1236"]
[PlyCount "67"]
[EventDate "2023.08.11"]
[EventType "swiss (rapid)"]
[EventRounds "11"]
[EventCountry "RUS"]
[SourceTitle "CBM 215 Extra"]
[Source "ChessBase"]
[SourceDate "2023.09.30"]
[SourceVersion "1"]
[SourceVersionDate "2023.09.30"]
[SourceQuality "1"]

1. e4 e5 2. Nf3 Nf6 3. Nxe5 d6 4. Nf3 Nxe4 5. d4 d5 6. Bd3 Nc6 7. 0-0 Be7 8. Re1 Nf6 9. h3 0-0 10. c3 h6 11. Nbd2 Be6 12. Nf1 Bd6 13. Ng3 Bxg3 14. fxg3 Nh5 15. g4 Nf6 16. g5 Nh5 17. gxh6 Qf6 18. Bg5 gxh6 19. Bxf6 Nxf6 20. Ne5 Kh8 21. Qf3 Nh7 22. Qf4 Rg8 23. Qxh6 Rg7 24. Nxc6 bxc6 25. Re5 Rag8 26. Rg5 c5 27. Rf1 cxd4 28. cxd4 c5 29. dxc5 d4 30. Rf4 Bc4 31. Be4 d3 32. Rh4 d2 33. Qxh7+ Rxh7 34. Rxh7# 1-0

[Event "Titled Tuesday intern op 08th Aug Early"]
[Site "Chess.com INT"]
[Date "2023.08.08"]
[Round "1"]
[White "Kuzmin, Roman"]
[Black "Kriti, Mayur Patel"]
[Result "1-0"]
[WhiteElo "2167"]
[BlackElo "1538"]
[PlyCount "101"]
[EventDate "2023.08.08"]
[EventType "swiss (blitz)"]
[EventRounds "11"]
[EventCountry "USA"]
[SourceTitle "EXT 2024"]
[Source "ChessBase"]
[SourceDate "2023.10.10"]
[SourceVersion "1"]
[SourceVersionDate "2023.10.10"]
[SourceQuality "1"]

1. e4 e5 2. Nf3 Nc6 3. Bb5 a6 4. Ba4 Nf6 5. 0-0 b5 6. Bb3 Bc5 7. c3 d6 8. d4 Bb6 9. h3 h6 10. Be3 0-0 11. Nbd2 Re8 12. Re1 Bb7 13. d5 Ne7 14. Bxb6 cxb6 15. c4 bxc4 16. Nxc4 b5 17. Ne3 Ng6 18. Nf5 Bc8 19. Ng3 Nf4 20. a4 Rb8 21. axb5 axb5 22. Ra7 Qb6 23. Ra3 Bxh3 24. gxh3 Nxh3+ 25. Kg2 Nxf2 26. Qe2 N2g4 27. Nf5 Rbc8 28. Nh2 h5 29. Bd1 g6 30. Nxg4 Nxg4 31. Ne3 Nf6 32. Nf1 Rc4 33. Re3 Rec8 34. Qf2 Kg7 35. Ng3 Qd4 36. Rf1 Ng4 37. Bxg4 hxg4 38. Qxf7+ Kh6 39. Re2 Rc2 40. Ref2 Rxf2+ 41. Rxf2 Qe3 42. Qf6 Qg5 43. Nf5+ Kh5 44. Qxg5+ Kxg5 45. Nxd6 Rd8 46. Nf7+ Kh4 47. Nxd8 b4 48. Rf8 g3 49. Nf7 g5 50. Nxe5 b3 51. Rh8# 1-0

[Event "Titled Tuesday intern op 01st Aug Early"]
[Site "Chess.com INT"]
[Date "2023.08.01"]
[Round "4"]
[White "Kuzmin, Roman"]
[Black "Dziththauly, Ramadhan"]
[Result "1-0"]
[WhiteElo "2167"]
[BlackElo "2180"]
[PlyCount "85"]
[EventDate "2023.08.01"]
[EventType "swiss (blitz)"]
[EventRounds "11"]
[EventCountry "USA"]
[SourceTitle "EXT 2024"]
[Source "ChessBase"]
[SourceDate "2023.10.10"]
[SourceVersion "1"]
[SourceVersionDate "2023.10.10"]
[SourceQuality "1"]

1. e4 c5 2. Nf3 d6 3. d4 cxd4 4. Nxd4 Nf6 5. Nc3 a6 6. Be2 e5 7. Nb3 Be7 8. Be3 Be6 9. 0-0 Nbd7 10. a4 0-0 11. a5 Qc7 12. Qd2 Rac8 13. Bf3 Rfd8 14. Rfd1 Nc5 15. Nxc5 dxc5 16. Qe1 h6 17. Na4 Rxd1 18. Rxd1 Bd7 19. Nb6 Rd8 20. c4 Bc6 21. Nd5 Bxd5 22. cxd5 b6 23. Ra1 Rb8 24. Bd2 b5 25. Rc1 Nd7 26. Be2 c4 27. b3 Nc5 28. bxc4 b4 29. Bxb4 Nb3 30. Bxe7 Nxc1 31. Qxc1 Qxe7 32. c5 Rc8 33. c6 Qb4 34. Bxa6 Rc7 35. g3 Kf8 36. Qc4 Qxc4 37. Bxc4 Ke7 38. Ba6 Kd6 39. Bb7 Kc5 40. a6 Kb6 41. d6 Rxc6 42. Bxc6 Kxc6 43. a7 1-0

[Event "Titled Tuesday intern op 01st Aug Early"]
[Site "Chess.com INT"]
[Date "2023.08.01"]
[Round "3"]
[White "Kuzmin, Roman"]
[Black "Han, Yichen"]
[Result "1-0"]
[WhiteElo "2167"]
[BlackElo "2413"]
[PlyCount "79"]
[EventDate "2023.08.01"]
[EventType "swiss (blitz)"]
[EventRounds "11"]
[EventCountry "USA"]
[SourceTitle "EXT 2024"]
[Source "ChessBase"]
[SourceDate "2023.10.10"]
[SourceVersion "1"]
[SourceVersionDate "2023.10.10"]
[SourceQuality "1"]

1. e4 c6 2. d4 g6 3. h4 d5 4. e5 h5 5. c4 Bf5 6. Nc3 e6 7. Nf3 Bh6 8. Bg5 Bxg5 9. Nxg5 Nh6 10. Be2 Nd7 11. cxd5 exd5 12. Qd2 Nf8 13. 0-0 Ne6 14. Nf3 Ng4 15. b4 0-0 16. b5 c5 17. dxc5 d4 18. Na4 d3 19. Bd1 Nd4 20. Nxd4 Qxd4 21. Bxg4 Qxg4 22. Nc3 Qxh4 23. Nd5 Kg7 24. Rac1 Qd4 25. Ne3 Qxe5 26. Rfe1 Qf6 27. c6 bxc6 28. Rxc6 Qg5 29. Rc5 Qf6 30. Nxf5+ gxf5 31. Qxd3 Rae8 32. Rxe8 Rxe8 33. Rxf5 Re1+ 34. Kh2 Qa1 35. Qg3+ Kf8 36. Qd6+ Ke8 37. Qb8+ Ke7 38. Qc7+ Ke6 39. Qxf7+ Kd6 40. Rd5# 1-0

[Event "Titled Tuesday intern op 01st Aug Early"]
[Site "Chess.com INT"]
[Date "2023.08.01"]
[Round "5"]
[White "Mikhailovsky, Vladimir"]
[Black "Kuzmin, Roman"]
[Result "1-0"]
[WhiteElo "2215"]
[BlackElo "2167"]
[PlyCount "85"]
[EventDate "2023.08.01"]
[EventType "swiss (blitz)"]
[EventRounds "11"]
[EventCountry "USA"]
[SourceTitle "EXT 2024"]
[Source "ChessBase"]
[SourceDate "2023.10.10"]
[SourceVersion "1"]
[SourceVersionDate "2023.10.10"]
[SourceQuality "1"]

1. e4 c5 2. Nf3 d6 3. d4 cxd4 4. Nxd4 Nf6 5. Nc3 a6 6. Rg1 b5 7. a4 b4 8. Nd5 e6 9. Nxf6+ Qxf6 10. Be3 Bb7 11. Qd2 Bxe4 12. f3 Bd5 13. Qxb4 e5 14. Nb3 Nc6 15. Qb7 Qh4+ 16. Bf2 Qb4+ 17. Qxb4 Nxb4 18. 0-0-0 Rc8 19. Na1 Be7 20. Be3 0-0 21. Bxa6 Rc7 22. c3 Be6 23. Bb5 d5 24. Nc2 d4 25. Nxb4 Bxb4 26. Bd2 Bb3 27. Rde1 dxc3 28. Bxc3 Bxc3 29. bxc3 Rxc3+ 30. Kb2 Rfc8 31. Rc1 Rc2+ 32. Rxc2 Bxc2 33. Rc1 Bf5 34. Rxc8+ Bxc8 35. Kc3 Kf8 36. Kc4 Ke7 37. Kd5 Bb7+ 38. Kxe5 f6+ 39. Kd4 Kd6 40. a5 Ba8 41. Bd3 Kc7 42. Be4 Kb8 43. Bxa8 1-0

[Event "Titled Tuesday intern op 01st Aug Early"]
[Site "Chess.com INT"]
[Date "2023.08.01"]
[Round "2"]
[White "Rasulov, Vugar Ural Oglu"]
[Black "Kuzmin, Roman"]
[Result "1-0"]
[WhiteElo "2549"]
[BlackElo "2167"]
[PlyCount "91"]
[EventDate "2023.08.01"]
[EventType "swiss (blitz)"]
[EventRounds "11"]
[EventCountry "USA"]
[SourceTitle "EXT 2024"]
[Source "ChessBase"]
[SourceDate "2023.10.10"]
[SourceVersion "1"]
[SourceVersionDate "2023.10.10"]
[SourceQuality "1"]

1. d4 Nf6 2. c4 e6 3. Nc3 d5 4. Nf3 Nbd7 5. Bf4 c6 6. e3 Be7 7. Rc1 0-0 8. Bd3 dxc4 9. Bxc4 b5 10. Bd3 a6 11. 0-0 c5 12. Ne4 cxd4 13. Nxd4 Bb7 14. Nc6 Bxc6 15. Rxc6 Nd5 16. Bb1 Nxf4 17. exf4 Nf6 18. Qf3 Qd5 19. Rd1 Nxe4 20. Rxd5 exd5 21. Bxe4 dxe4 22. Qxe4 Bf6 23. g4 Rfe8 24. Qc2 Re1+ 25. Kg2 Ree8 26. g5 Bd4 27. b3 g6 28. Rd6 Ba7 29. Rd7 Bb6 30. Qc6 Rab8 31. Qd5 Re6 32. f5 gxf5 33. Qxf5 Rf8 34. Rxf7 Rxf7 35. Qxe6 Bxf2 36. Qxa6 b4 37. Qc4 Be1 38. h4 Kf8 39. h5 Rf2+ 40. Kh3 Rf3+ 41. Kg4 Rg3+ 42. Kf5 Rf3+ 43. Ke6 Re3+ 44. Kd7 Re7+ 45. Kc6 Bg3 46. Qxb4 1-0

[Event "Zudov Memorial"]
[Site "Nizhnij Tagil"]
[Date "2023.07.29"]
[Round "4"]
[White "Pridorozhni, Aleksei"]
[Black "Kuzmin, Roman"]
[Result "1/2-1/2"]
[WhiteElo "2491"]
[BlackElo "2172"]
[PlyCount "50"]
[EventDate "2023.07.29"]
[EventType "swiss (rapid)"]
[EventRounds "11"]
[EventCountry "RUS"]
[SourceTitle "CBM 215 Extra"]
[Source "ChessBase"]
[SourceDate "2023.09.30"]
[SourceVersion "1"]
[SourceVersionDate "2023.09.30"]
[SourceQuality "1"]

1. e4 c5 2. d4 cxd4 3. Qxd4 Nc6 4. Qd3 g6 5. Nf3 Bg7 6. Be2 Nf6 7. 0-0 0-0 8. Nc3 d6 9. Nd5 Nd7 10. c3 Nc5 11. Qc2 e6 12. Ne3 f5 13. exf5 gxf5 14. b4 Ne4 15. Bb2 Qf6 16. Rab1 Bd7 17. b5 Ne7 18. c4 Qf7 19. Rbd1 Ng6 20. g3 Rac8 21. a4 Rfd8 22. Bd3 Nc5 23. Be2 Ne4 24. Bd3 Nc5 25. Be2 Ne4 1/2-1/2

[Event "Titled Tuesday intern op 11th Jul Early"]
[Site "Chess.com INT"]
[Date "2023.07.11"]
[Round "5"]
[White "Bykhovsky, Anatoly"]
[Black "Kuzmin, Roman"]
[Result "0-1"]
[WhiteElo "2496"]
[BlackElo "2167"]
[PlyCount "58"]
[EventDate "2023.07.11"]
[EventType "swiss (blitz)"]
[EventRounds "11"]
[EventCountry "USA"]
[SourceTitle "EXT 2024"]
[Source "ChessBase"]
[SourceDate "2023.10.10"]
[SourceVersion "1"]
[SourceVersionDate "2023.10.10"]
[SourceQuality "1"]

1. d4 Nf6 2. Nf3 e6 3. c4 d5 4. Nc3 Nbd7 5. Bg5 c6 6. e3 Qa5 7. cxd5 exd5 8. Bd3 Ne4 9. 0-0 Nxg5 10. Nxg5 h6 11. Qh5 g6 12. Bxg6 Nf6 13. Nxf7 Nxh5 14. Nxh8+ Kd8 15. Bxh5 Be6 16. Nf7+ Kc7 17. a3 Bxf7 18. Bxf7 Kd7 19. b4 Qd8 20. Bh5 Bd6 21. g3 Qg5 22. Bf3 h5 23. h4 Qf5 24. Bg2 Rg8 25. b5 Qd3 26. Rfc1 Bxg3 27. bxc6+ bxc6 28. Ra2 Bd6 29. e4 Qf3 0-1